Loading...
| Fine Arts - Visual Fine Arts | 2 | 6 | 1 | 3 | 85 | 76 | 109.25 | 4 | 8 |
| Literature - American Literature | 0 | 6 | 0 | 1 | 60 | 111 | 135.50 | 1 | 6 |
| Philosophy | 2 | 4 | 3 | 1 | 55 | 69 | 96.17 | 2 | 6 |
| Literature - European Literature | 0 | 6 | 1 | 1 | 55 | 89 | 126.33 | 2 | 6 |
| History - European History | 2 | 1 | 0 | 1 | 40 | 63 | 90.00 | 2 | 3 |
| Literature - British Literature | 1 | 4 | 3 | 2 | 40 | 86 | 115.60 | 1 | 5 |
| Social Science | 1 | 3 | 1 | 1 | 40 | 49 | 109.50 | 1 | 4 |
| Fine Arts - Auditory Fine Arts | 0 | 4 | 1 | 0 | 35 | 90 | 118.00 | 1 | 4 |
| History - American History | 1 | 2 | 0 | 1 | 35 | 87 | 116.33 | 1 | 3 |
| Mythology | 0 | 3 | 0 | 0 | 30 | 93 | 111.67 | 2 | 3 |
| History - Ancient History | 0 | 3 | 1 | 0 | 25 | 93 | 103.67 | 1 | 3 |
| Literature - World Literature | 0 | 2 | 1 | 0 | 15 | 145 | 148.50 | 0 | 2 |
| Other Academic | 0 | 1 | 0 | 0 | 10 | 119 | 119.00 | 0 | 1 |
| Science - Other Science | 0 | 1 | 0 | 1 | 10 | 135 | 135.00 | 0 | 1 |
| Science - Physics | 0 | 1 | 0 | 0 | 10 | 134 | 134.00 | 0 | 1 |
| Religion | 0 | 1 | 1 | 1 | 5 | 138 | 138.00 | 0 | 1 |
| Science - Chemistry | 0 | 0 | 0 | 0 | 0 | 0.00 | 0 | 0 | |
| Current Events | 0 | 0 | 1 | 0 | -5 | 0.00 | 0 | 0 |